书目信息 |
| 题名: |
上海
|
|
| 作者: | 同济大学建筑与城市规划学院 编著 | |
| 分册: | ||
| 出版信息: | 北京 北京科学技术出版社 2020.4 |
|
| 页数: | 36页 | |
| 开本: | 19cm | |
| 丛书名: | 这里是中国 | |
| 单 册: | ||
| 中图分类: | K925.1-49 | |
| 科图分类: | ||
| 主题词: | 上海--概况--儿童读物 | |
| 电子资源: | ||
| ISBN: | 978-7-5714-0657-8 | |
| 000 | 00997nam0 2200253 450 | |
| 001 | 012019294367 | |
| 005 | 20200530201347.5 | |
| 010 | @a978-7-5714-0657-8@b精装@dCNY39.00 | |
| 100 | @a20200530d2020 em y0chiy0110 ea | |
| 101 | 0 | @achi |
| 102 | @aCN@b110000 | |
| 105 | @af z 000zy | |
| 106 | @ar | |
| 200 | 1 | @a上海@9Shang Hai @f同济大学建筑与城市规划学院编著 |
| 210 | @a北京@c北京科学技术出版社@d2020.4 | |
| 215 | @a36页@d19cm | |
| 225 | 2 | @a这里是中国 |
| 330 | @a《这里是中国·上海》以上海这座城市为主体,用绘本的形式描写其历史起源、名胜古迹、风土人情、特色美食、市政交通等知识,带领孩子们发现和体验不一样的上海文化。1843年,上海发生了怎样的巨变?老上海人们的娱乐生活什么样?石库门又是什么?在这本书中,你都能找到答案。 | |
| 461 | 0 | @1200 @a这里是中国 |
| 606 | 0 | @a上海@x概况@x儿童读物 |
| 690 | 0 | @aK925.1-49@v5 |
| 701 | 0 | @a同济大学建筑与城市规划学院@9Tong Ji Da Xue Jian Zhu Yu Cheng Shi Gui Hua Xue Yuan @4编著 |
| 801 | 0 | @aCN@b人天书店@c20200530 |
| 905 | @aTSG@dK925@eT821@f1 | |
| 上海/同济大学建筑与城市规划学院编著.-北京:北京科学技术出版社,2020.4 |
| 36页;19cm.-(这里是中国) |
| ISBN 978-7-5714-0657-8(精装):CNY39.00 |
| 《这里是中国·上海》以上海这座城市为主体,用绘本的形式描写其历史起源、名胜古迹、风土人情、特色美食、市政交通等知识,带领孩子们发现和体验不一样的上海文化。1843年,上海发生了怎样的巨变?老上海人们的娱乐生活什么样?石库门又是什么?在这本书中,你都能找到答案。 |
| ● |
| 相关链接 |
|
|
|
正题名:上海
索取号:K925/T821
 
预约/预借
| 序号 | 登录号 | 条形码 | 馆藏地/架位号 | 状态 | 备注 |
| 1 | 1536359 | 215363595 | 社科库309/309社科库 14排2列1层/ [索取号:K925/T821] | 在馆 |